000 00898nam a2200253Ia 4500
003 GCL
005 20240530104718.0
008 140319s1986 ua h f 000 0 ara d
016 _286/4755
_aمصر. دار الكتب
040 _aGCL /
_cGCL
082 0 4 _a791.438/
_bو د
110 1 _aوزارة الثقافة
245 1 0 _aدليل السينما 80 - 81 - 1982 /
_cوزارة الثقافة
260 _aالقاهرة :
_bمركز الثقافة السنيمائية،
_c1986.
300 _a295 ص. :
_bصور ؛
_c24 سم.
490 _aالهيئة العامة للاستعلامات
_v0
650 0 4 _aالافلام السينمائية
650 0 4 _aالسينما
650 0 4 _aالافلام التسجيلية
650 0 4 _aالافلام السينمائية - مصر
700 1 _aمصطفى محمد على بشارى
700 1 _aعاطف عوض
942 _2ddc
_cBK
999 _c50060
_d50060